000 00236nam a2200109Ia 4500
003 GCL
008 140319s9999 xx 000 0 ara d
040 _aGCL /
_cGCL
082 0 4 _a- < > للاختيار
245 1 0 _a<ES
300 _ac_au
999 _c59195
_d59195